000 00446nam a22001577a 4500
005 20240805093844.0
008 240805b |||||||| |||| 00| 0 eng d
041 _aEnglish
082 _a349 SOU
100 _lEnglish
245 _aSouth African Law Reports
260 _aJohannesburg:
_bDigma Publications,
_c1915-1916
300 _bxi, 276 pages;
_c25 cm.
650 _aLegal practice
_bLaw
942 _cBK
_6ALISON_BN_VRIES
999 _c2433
_d2433